[Event "GER-chT Youth Countries 2018"]
[Site "Wurzburg"]
[Date "2018.10.03"]
[Round "1"]
[White "Doll, Rebecca"]
[Black "Hund, Sarah"]
[Result "0-1"]
[WhiteElo "1722"]
[BlackElo "2023"]
[Annotator "NA"]
[PlyCount "105"]
[EventDate "2018.10.03"]
[EventType "team-tourn"]
[EventCountry "GER"]
[SourceTitle "playchess.com"]
[Source "ChessBase"]
[SourceQuality "1"]
[TimeControl "40/5400+30:1800+30"]

1. e4 {[%emt 0:00:00]} e5 {[%emt 0:00:00]} 2. Nf3 {[%emt 0:00:00]} Nc6 {[%emt 0:00:02]} 3. Bc4 {[%emt 0:00:00]} Nf6 {[%emt 0:00:13]} 4. d3 {[%emt 0:00:00]} Be7 {[%emt 0:00:30]} 5. O-O {[%emt 0:00:06]} d6 {[%emt 0:00:29]} 6. Bb3 {[%emt 0:00:35] C55: Two Knights: 4 d3, 4 d4 exd4 5 e5 and Max Lange Attack} (6. a4 Bg4 7. h3 Bh5 8. c3 Qd7 9. Re1 O-O-O 10. a5 a6 11. b4 g5 12. b5 Nb8 13. bxa6 Nxa6 14. d4 {1-0 (26) Anand,V (2779)-Naiditsch,A (2687) Doha 2016}) 6... Bg4 {[%emt 0:01:01]} 7. Nbd2 $146 {[%emt 0:09:13]} ({Predecessor:} 7. c3 Qd7 8. Nbd2 O-O 9. Re1 d5 10. Qe2 Rfe8 11. Nf1 Rad8 12. h3 Bh5 13. Ng3 Bg6 14. Ba4 Bc5 15. Bg5 dxe4 16. dxe4 Qd3 17. Qxd3 Rxd3 18. Bxf6 gxf6 19. Bxc6 bxc6 {1-0 (77) Lobzhanidze,D (2512)-Bach,M (2339) Dortmund 2001}) 7... Nd7 {[%emt 0:05:51]} 8. c3 {[%emt 0:17:13]} Nc5 {[%emt 0:05:12]} 9. Bc2 {[%emt 0:04:51]} Ne6 {[%emt 0:04:19]} 10. Qe1 {[%emt 0:11:18]} O-O {[%emt 0:09:45]} 11. h3 {[%emt 0:02:49]} Bh5 {[%emt 0:00:50]} 12. Nh2 {[%emt 0:06:11]} Bg5 {[%emt 0:04:18]} 13. Ndf3 {[%emt 0:06:24]} Bxc1 {[%emt 0:02:59]} 14. Rxc1 {[%emt 0:01:54]} Qf6 {[%emt 0:01:45]} 15. Ng4 {[%emt 0:08:18]} Qe7 {[%emt 0:05:35]} 16. Qd2 {[%emt 0:09:32]} Nf4 {[%emt 0:02:18]} 17. d4 {[%emt 0:02:31]} Rad8 {[%emt 0:01:38]} 18. Qe3 {[%emt 0:04:22]} Bxg4 {[%emt 0:05:51]} 19. hxg4 {[%emt 0:00:11]} Qe6 {[%emt 0:00:39]} 20. Nh2 {[%emt 0:03:11]} Qxa2 {[%emt 0:04:26]} 21. g3 {[%emt 0:07:32]} Ng6 {[%emt 0:01:38]} 22. d5 {[%emt 0:01:31]} Nce7 {[%emt 0:00:58] [#]} 23. b3 {[%emt 0:02:09]} (23. Ra1 $1 $16 {[%cal Ra1a2]} Qc4 24. Rxa7) 23... c6 {[%emt 0:03:18]} 24. Qd2 {[%emt 0:00:53]} Qa5 {[%emt 0:01:03]} 25. Ra1 {[%emt 0:00:23]} Qb6 {[%emt 0:01:09]} 26. Kg2 {[%emt 0:00:12]} Nc8 {[%emt 0:03:30]} 27. Nf3 {[%emt 0:00:12]} Qc7 {[%emt 0:02:21]} 28. Rh1 {[%emt 0:00:22]} Qd7 {[%emt 0:00:58]} 29. Nh2 {[%emt 0:00:42]} f6 {[%emt 0:04:47]} 30. Qe2 {[%emt 0:00:14]} Rf7 {[%emt 0:00:53]} 31. Nf1 {[%emt 0:00:10]} b5 {[%emt 0:02:42]} 32. Ne3 {[%emt 0:00:42]} Nb6 {[%emt 0:01:54]} 33. Bd3 {[%emt 0:00:42]} cxd5 {[%emt 0:02:51]} (33... Qc7 $142) 34. exd5 {[%emt 0:00:26]} Qb7 {[%emt 0:02:30]} 35. c4 {[%emt 0:01:04]} ({White should try} 35. Qf3 $16) 35... Nf8 {[%emt 0:03:24]} 36. Rh2 {[%emt 0:00:36]} ({White should try} 36. cxb5 $11 g6 37. Qf3) 36... g6 {[%emt 0:00:47]} 37. Rah1 {[%emt 0:00:40]} bxc4 {[%emt 0:02:36]} 38. bxc4 {[%emt 0:01:05]} Na4 {[%emt 0:01:32]} 39. Rb1 {[%emt 0:00:25]} Qc7 {[%emt 0:00:29]} 40. Qc2 {[%emt 0:00:06]} Nc5 {[%emt 0:00:24]} 41. Be2 {[%emt 0:30:37]} Rb8 {[%emt 0:32:17]} 42. Rhh1 {[%emt 0:00:00]} Qc8 {[%emt 0:00:00]} 43. Rxb8 {[%emt 0:00:00]} Qxb8 {[%emt 0:00:00]} 44. Ra1 {[%emt 0:00:00]} a6 {[%emt 0:00:00]} 45. Nd1 {[%emt 0:00:00]} Rb7 {[%emt 0:00:00]} 46. Ra2 {[%emt 0:00:00]} Nfd7 {[%emt 0:00:00]} 47. Bd3 {[%emt 0:00:00]} Rb3 {[%emt 0:00:00]} 48. Nb2 $2 {[%emt 0:00:00]} (48. Bxg6 $17 hxg6 49. Qxg6+ Kf8 50. Ne3 Rxe3 51. Qh6+ Ke7 52. Qxe3) 48... Kg7 {[%emt 0:00:00]} 49. Be2 $19 {[%emt 0:00:00]} Qb4 {[%emt 0:00:00]} 50. Nd3 {[%emt 0:02:35]} Nxd3 {[%emt 0:00:00]} 51. Bxd3 {[%emt 0:00:03]} Nc5 {[%emt 0:00:00]} 52. Be2 {[%emt 0:01:08]} a5 {[%emt 0:00:00]} 53. Bd1 {[%emt 0:00:57]} 0-1

[Event "GER-chT Youth Countries 2018"]
[Site "Wurzburg"]
[Date "2018.10.03"]
[Round "1"]
[White "Pohle, Saskia"]
[Black "Hentschel, Lena"]
[Result "1-0"]
[WhiteElo "1690"]
[BlackElo "1533"]
[Annotator "NA"]
[PlyCount "73"]
[EventDate "2018.10.03"]
[EventType "team-tourn"]
[EventCountry "GER"]
[SourceTitle "playchess.com"]
[Source "ChessBase"]
[SourceQuality "1"]
[TimeControl "40/5400+30:1800+30"]

1. e4 {[%emt 0:00:00]} g6 {[%emt 0:00:00]} 2. d4 {[%emt 0:00:00]} Bg7 {[%emt 0:00:00]} 3. c4 {[%emt 0:00:00]} d6 {[%emt 0:00:01]} 4. Nc3 {[%emt 0:00:20]} Nd7 {[%emt 0:01:33]} 5. Nf3 {[%emt 0:01:53]} Ngf6 {[%emt 0:03:36]} 6. Be2 {[%emt 0:00:33]} O-O {[%emt 0:01:28]} 7. O-O {[%emt 0:00:18]} e5 {[%emt 0:03:48]} 8. h3 {[%emt 0:04:53]} Re8 {[%emt 0:03:29]} 9. dxe5 {[%emt 0:09:33]} dxe5 {[%emt 0:02:44]} 10. Be3 {[%emt 0:00:52]} c6 {[%emt 0:02:35]} 11. Qc2 {[%emt 0:04:35]} Qc7 {[%emt 0:07:50]} 12. Rfd1 {[%emt 0:01:07]} b6 {[%emt 0:04:36]} 13. c5 {[%emt 0:11:44]} Bb7 {[%emt 0:07:26]} 14. cxb6 {[%emt 0:01:28]} axb6 {[%emt 0:02:20]} 15. Nb5 {[%emt 0:00:31]} Qb8 {[%emt 0:02:55]} 16. Nd6 {[%emt 0:00:59]} Re6 {[%emt 0:04:05]} 17. Qd2 {[%emt 0:01:46]} Bf8 {[%emt 0:04:04]} 18. Nxb7 {[%emt 0:02:42]} Qxb7 {[%emt 0:01:08]} 19. Bc4 {[%emt 0:01:39]} Rd6 {[%emt 0:08:29]} 20. Qc2 {[%emt 0:00:18]} Rxd1+ {[%emt 0:01:06]} 21. Rxd1 {[%emt 0:00:05]} Re8 {[%emt 0:06:43]} 22. Ng5 {[%emt 0:02:47]} Re7 {[%emt 0:01:54]} 23. Qb3 {[%emt 0:00:25]} Nc5 {[%emt 0:04:04]} 24. Bxc5 {[%emt 0:05:35]} bxc5 {[%emt 0:00:34]} 25. Qxb7 {[%emt 0:01:22]} Rxb7 {[%emt 0:01:02]} 26. Nxf7 {[%emt 0:02:05]} Rxf7 {[%emt 0:02:44]} 27. a4 {[%emt 0:00:05]} Nxe4 {[%emt 0:07:22]} 28. Bxf7+ {[%emt 0:02:17]} Kxf7 {[%emt 0:00:32]} 29. a5 {[%emt 0:00:14]} Nd6 {[%emt 0:01:02]} 30. a6 {[%emt 0:00:09]} Nb5 {[%emt 0:00:59]} 31. Rd7+ {[%emt 0:01:04]} Be7 {[%emt 0:00:37]} 32. Rb7 {[%emt 0:00:23]} Nd6 {[%emt 0:03:13]} 33. Rxe7+ Kxe7 {[%emt 0:00:11]} 34. a7 {[%emt 0:00:15]} Ke6 {[%emt 0:00:46]} 35. a8=Q {[%emt 0:00:10]} Kd5 {[%emt 0:00:41]} 36. Qg8+ {[%emt 0:00:28]} Kd4 {[%emt 0:00:54]} 37. Qxh7 {[%emt 0:00:10]} 1-0

[Event "GER-chT Youth Countries 2018"]
[Site "Wurzburg"]
[Date "2018.10.03"]
[Round "1"]
[White "Abele, Anais"]
[Black "Farokhi, Keyvan"]
[Result "0-1"]
[WhiteElo "1679"]
[BlackElo "1855"]
[Annotator "NA RC"]
[PlyCount "102"]
[EventDate "2018.10.03"]
[EventType "team-tourn"]
[EventCountry "GER"]
[SourceTitle "playchess.com"]
[Source "ChessBase"]
[SourceQuality "1"]
[TimeControl "40/5400+30:1800+30"]

{[%evp 37,102,-173,-135,-157,-125,-163,-136,-226,-243,-266,-206,-247,32767,-144,-120,-150,-143,-155,-148,-168,-135,-137,32767,-95,32767,32767,-160,-189,-189,-227,-241,-219,-318,-246,-140,32767,32767,32767,32767,32767,32767,32767,32767,32767,-269,32767,-666,-1015,-1198,-577,-117,32767,32767,32767,32767,32767,32767,32767,-5525,-5081,-12841,-29982,-29983,-29983,-518,-12847,-29985]} 1. e4 {[%emt 0:00:00]} e5 {[%emt 0:00:00]} 2. Nf3 {[%emt 0:00:02]} Nc6 {[%emt 0:00:00]} 3. Nc3 {[%emt 0:00:57]} Nf6 {[%emt 0:00:17]} 4. d4 {[%emt 0:01:13]} exd4 {[%emt 0:00:15]} 5. Nxd4 {[%emt 0:00:23]} Bb4 {[%emt 0:00:18]} 6. Nxc6 {[%emt 0:01:31]} bxc6 {[%emt 0:00:11]} 7. Bd3 {[%emt 0:01:33]} d5 {[%emt 0:00:23]} 8. exd5 {[%emt 0:01:42]} O-O {[%emt 0:01:18]} 9. O-O {[%emt 0:02:57]} cxd5 {[%emt 0:00:20]} 10. Bg5 {[%emt 0:02:44]} c6 {[%emt 0:01:41]} 11. Qf3 {[%emt 0:03:47]} Be7 {[%emt 0:02:19]} 12. Rfe1 {[%emt 0:05:11]} Be6 {[%emt 0:06:17]} 13. h3 {[%emt 0:05:48] C47: Scotch Four Knights and Four Knights with 4 g3} Rb8 {[%emt 0:14:43]} (13... h6 14. Bxh6 gxh6 15. Rxe6 fxe6 16. Qg3+ Kh8 17. Qg6 Qe8 18. Qxh6+ Kg8 19. Qg5+ Kh8 20. Qh6+ Kg8 {½-½ (20) Ricardi,P (2481)-Lorenzini,M (2484) San Luis 2013}) 14. Reb1 {[%emt 0:13:17]} c5 $146 {[%emt 0:16:15]} ({Predecessor:} 14... Re8 15. a3 Qc7 16. Bf4 Bd6 17. Bxd6 Qxd6 18. b3 Qe5 19. Na4 Nd7 20. Re1 Qg5 {1-0 (37) Gonzalez Costas,E-Barreiros Putnam,X Santiago de Compostela 2002}) 15. Bf5 {[%emt 0:10:30]} d4 {[%emt 0:07:56]} 16. Ne2 {[%emt 0:19:30]} Bd5 {[%emt 0:06:22]} 17. Qd3 {[%emt 0:03:35]} h6 {[%emt 0:01:08]} 18. Bh4 {[%emt 0:02:46]} g6 {[%emt 0:13:11]} 19. Bg4 {[%emt 0:08:30]} (19. c4 $15) 19... Nxg4 {[%emt 0:00:26]} 20. Bxe7 {[%emt 0:00:30]} Nxf2 {[%emt 0:03:12]} 21. Bxd8 {[%emt 0:02:36]} Nxd3 {[%emt 0:00:09]} 22. Be7 {[%emt 0:01:25]} (22. cxd3 $17 Rfxd8 23. b3) 22... Rfe8 {[%emt 0:00:07]} ({Not} 22... Rxb2 23. Rxb2 Nxb2 24. Bxf8 $11) ({Inferior is} 22... Nxb2 23. Bxc5 Rfe8 24. Nf4 $11) 23. cxd3 {[%emt 0:01:12]} Rxe7 {[%emt 0:00:16]} 24. Nf4 {[%emt 0:00:28]} Be6 {[%emt 0:03:45]} 25. Nxe6 {[%emt 0:01:30]} Rxe6 {[%emt 0:00:04]} 26. b3 {[%emt 0:00:47]} Re3 {[%emt 0:00:38]} 27. Rd1 {[%emt 0:00:25]} Rbe8 {[%emt 0:03:40]} 28. Rd2 {[%emt 0:01:50]} Re2 {[%emt 0:01:31]} 29. Rad1 {[%emt 0:00:50]} Kg7 {[%emt 0:01:20]} 30. Kf1 {[%emt 0:01:19]} R2e3 {[%emt 0:00:14]} 31. Rc2 {[%emt 0:01:00]} R8e5 {[%emt 0:01:34]} 32. Kf2 {[%emt 0:01:23]} Kf6 {[%emt 0:00:44]} 33. a3 {[%emt 0:01:15]} Kg5 {[%emt 0:02:06]} 34. b4 {[%emt 0:00:49]} cxb4 {[%emt 0:00:30]} 35. axb4 {[%emt 0:00:20]} Rf5+ {[%emt 0:01:33]} 36. Kg1 {[%emt 0:00:17]} Kh4 {[%emt 0:00:24]} 37. Rf2 {[%emt 0:01:27]} Kg3 {[%emt 0:00:44]} 38. Rxf5 {[%emt 0:00:59]} gxf5 {[%emt 0:00:08]} 39. Kf1 {[%emt 0:00:33]} f4 {[%emt 0:03:17]} 40. Ra1 {[%emt 0:01:31]} Re7 {[%emt 0:02:45]} 41. Ra6 {[%emt 0:03:57]} Rb7 {[%emt 0:02:57]} 42. Rxh6 {[%emt 0:02:05]} Rxb4 {[%emt 0:00:07]} 43. Rf6 {[%emt 0:01:40]} Rb1+ {[%emt 0:06:00]} 44. Ke2 {[%emt 0:01:23]} Rb2+ {[%emt 0:00:08]} 45. Kf1 {[%emt 0:02:07]} Rf2+ {[%emt 0:00:55]} 46. Ke1 {[%emt 0:00:58]} Rxg2 {[%emt 0:01:06]} 47. Rxf7 {[%emt 0:00:45]} Ra2 {[%emt 0:01:33]} 48. h4 {[%emt 0:01:50]} f3 {[%emt 0:00:19]} 49. h5 {[%emt 0:01:23]} f2+ {[%emt 0:00:09]} 50. Kf1 {[%emt 0:00:47]} Ra1+ {[%emt 0:00:06]} 51. Ke2 {[%emt 0:00:17]} Re1+ {[%emt 0:00:05] Kxe1} 0-1

[Event "GER-chT Youth Countries 2018"]
[Site "Wurzburg"]
[Date "2018.10.03"]
[Round "1"]
[White "Mundt, Alexandra"]
[Black "Weidenhoefer, Max"]
[Result "0-1"]
[WhiteElo "1679"]
[BlackElo "1596"]
[Annotator "NA"]
[PlyCount "96"]
[EventDate "2018.10.03"]
[EventType "team-tourn"]
[EventCountry "GER"]
[SourceTitle "playchess.com"]
[Source "ChessBase"]
[SourceQuality "1"]
[TimeControl "40/5400+30:1800+30"]

1. Nf3 {[%emt 0:00:00]} d5 {[%emt 0:00:00]} 2. d4 {[%emt 0:00:00]} e6 {[%emt 0:00:00]} 3. c4 {[%emt 0:00:06]} c6 {[%emt 0:00:00]} 4. Nc3 {[%emt 0:00:13]} f5 {[%emt 0:00:18]} 5. b3 Nf6 6. Bb2 Bd6 7. e3 O-O 8. g3 Ne4 9. a3 Bd7 10. Bg2 Be8 11. O-O Bh5 12. Qc2 Nd7 13. c5 Bc7 14. b4 Qf6 15. a4 a6 16. Rab1 g5 17. Ba1 Bxf3 18. Bxf3 g4 19. Bg2 h5 20. b5 Rf7 21. bxc6 bxc6 22. Rb7 Nb8 23. Rfb1 Qd8 24. Ne2 Rh7 25. Nf4 Ng5 26. Qe2 Kf8 27. f3 Ke8 28. Bc3 Nd7 29. Nd3 Nf6 30. Ne5 Bxe5 31. dxe5 Nd7 32. f4 Nxc5 33. Rxh7 Nxh7 34. Bd4 Nd7 35. h3 c5 36. Bc3 c4 37. hxg4 hxg4 38. e4 Nc5 39. exf5 exf5 40. Qc2 Ne4 41. Bxe4 dxe4 42. Rb7 Nf8 43. a5 Qd3 44. Qxd3 cxd3 45. Kf2 Rc8 46. Bd2 Rc2 47. Ke3 Ne6 48. Bb4 Re2# {Kd4} 0-1

[Event "GER-chT Youth Countries 2018"]
[Site "Wurzburg"]
[Date "2018.10.03"]
[Round "1"]
[White "Grunert, Wilhelm"]
[Black "Oberhofer, Marie"]
[Result "0-1"]
[WhiteElo "1659"]
[BlackElo "1724"]
[Annotator "NA"]
[PlyCount "85"]
[EventDate "2018.10.03"]
[EventType "team-tourn"]
[EventCountry "GER"]
[SourceTitle "playchess.com"]
[Source "ChessBase"]
[SourceQuality "1"]
[TimeControl "40/5400+30:1800+30"]

1. e4 {[%emt 0:00:00]} c5 {[%emt 0:00:00]} 2. Nf3 {[%emt 0:00:00]} d6 {[%emt 0:00:00]} 3. d4 {[%emt 0:00:00]} cxd4 {[%emt 0:00:00]} 4. Nxd4 {[%emt 0:00:03]} Nf6 {[%emt 0:00:00]} 5. Nc3 {[%emt 0:00:23]} g6 {[%emt 0:00:00]} 6. Be3 {[%emt 0:00:35]} Bg7 {[%emt 0:00:06]} 7. Bc4 {[%emt 0:00:36]} O-O {[%emt 0:00:18]} 8. f3 {[%emt 0:00:24]} Nc6 {[%emt 0:00:39]} 9. Qd2 {[%emt 0:00:18]} Bd7 {[%emt 0:00:54]} 10. g4 {[%emt 0:00:44]} Ne5 {[%emt 0:02:03]} 11. Bb3 {[%emt 0:00:32]} b5 {[%emt 0:01:17]} 12. O-O-O {[%emt 0:01:05]} Nc4 {[%emt 0:07:12]} 13. Bxc4 bxc4 {[%emt 0:00:05]} 14. h4 {[%emt 0:03:00]} h5 {[%emt 0:02:51]} 15. gxh5 {[%emt 0:00:38]} Nxh5 {[%emt 0:00:07]} 16. Bh6 {[%emt 0:01:23]} Rb8 {[%emt 0:04:23]} 17. Bxg7 {[%emt 0:02:18]} Kxg7 {[%emt 0:00:09]} 18. Nf5+ {[%emt 0:04:13]} Bxf5 {[%emt 0:01:42]} 19. exf5 {[%emt 0:00:09]} Qb6 {[%emt 0:04:12]} 20. Qd4+ {[%emt 0:05:40]} Qxd4 {[%emt 0:00:11]} 21. Rxd4 {[%emt 0:00:05]} Ng3 {[%emt 0:14:45]} 22. f6+ {[%emt 0:00:46]} exf6 {[%emt 0:00:34]} 23. Rg1 {[%emt 0:01:01]} Nf5 {[%emt 0:00:36]} 24. Rd5 {[%emt 0:00:43]} Nxh4 {[%emt 0:07:16]} 25. Rxd6 {[%emt 0:05:12]} Rbd8 {[%emt 0:12:19]} 26. Ra6 {[%emt 0:03:39]} Rd7 {[%emt 0:08:09]} 27. Nb5 {[%emt 0:01:36]} Nxf3 {[%emt 0:01:00]} 28. Rf1 {[%emt 0:00:11]} Re8 {[%emt 0:03:08]} 29. Rxa7 {[%emt 0:02:03]} Rxa7 {[%emt 0:00:54]} 30. Nxa7 {[%emt 0:00:05]} Ne5 {[%emt 0:03:04]} 31. Nb5 {[%emt 0:01:25]} Rd8 {[%emt 0:03:24]} 32. Rf4 {[%emt 0:01:18]} f5 {[%emt 0:02:27]} 33. Na3 {[%emt 0:00:28]} Rc8 {[%emt 0:02:04]} 34. Nb5 {[%emt 0:00:21]} Kf6 {[%emt 0:02:03]} 35. Nd6 {[%emt 0:01:19]} Rc6 {[%emt 0:03:40]} 36. Ne4+ {[%emt 0:00:23]} Kg7 {[%emt 0:01:31]} 37. Nf2 {[%emt 0:01:12]} Ra6 {[%emt 0:01:50]} 38. a3 {[%emt 0:00:30]} c3 {[%emt 0:04:03]} 39. a4 {[%emt 0:01:58]} cxb2+ {[%emt 0:01:52]} 40. Kxb2 {[%emt 0:00:06]} Rc6 {[%emt 0:02:26]} 41. Kb3 {[%emt 0:30:46]} Kf6 {[%emt 0:30:39]} 42. Ne4+ {[%emt 0:00:12]} Ke6 {[%emt 0:01:07]} 43. Ng3 {[%emt 0:01:54]} 0-1

[Event "GER-chT Youth Countries 2018"]
[Site "Wurzburg"]
[Date "2018.10.03"]
[Round "1"]
[White "Grining, Maria"]
[Black "Haenselmann, Hendrik"]
[Result "1/2-1/2"]
[WhiteElo "1572"]
[BlackElo "1660"]
[Annotator "NA"]
[PlyCount "60"]
[EventDate "2018.10.03"]
[EventType "team-tourn"]
[EventCountry "GER"]
[SourceTitle "playchess.com"]
[Source "ChessBase"]
[SourceQuality "1"]
[TimeControl "40/5400+30:1800+30"]

1. d4 {[%emt 0:00:00]} Nf6 {[%emt 0:00:00]} 2. Nf3 {[%emt 0:00:00]} e6 {[%emt 0:00:00]} 3. c4 {[%emt 0:02:08]} b6 {[%emt 0:00:00]} 4. Nc3 {[%emt 0:00:38]} Bb4 {[%emt 0:00:08]} 5. a3 {[%emt 0:06:15]} Bxc3+ {[%emt 0:00:05]} 6. bxc3 {[%emt 0:00:08]} Bb7 {[%emt 0:00:09]} 7. g3 {[%emt 0:08:49]} O-O {[%emt 0:02:06]} 8. Bg2 {[%emt 0:00:46]} d6 {[%emt 0:00:36]} 9. O-O {[%emt 0:00:19]} Nbd7 {[%emt 0:00:47]} 10. a4 {[%emt 0:08:01]} Re8 {[%emt 0:14:52]} 11. a5 {[%emt 0:04:52]} bxa5 {[%emt 0:08:05]} 12. Rxa5 {[%emt 0:01:56]} c5 {[%emt 0:01:19]} 13. Ra2 {[%emt 0:05:28]} Qc7 14. Nd2 {[%emt 0:15:05]} Bxg2 {[%emt 0:11:14]} 15. Kxg2 {[%emt 0:00:11]} Qc6+ {[%emt 0:02:53]} 16. f3 {[%emt 0:02:30]} Nb6 {[%emt 0:03:02]} 17. Kf2 {[%emt 0:13:32]} Rec8 {[%emt 0:11:11]} 18. Qb3 {[%emt 0:08:03]} cxd4 {[%emt 0:02:14]} 19. cxd4 {[%emt 0:00:34]} Nxc4 {[%emt 0:00:33]} 20. Nxc4 {[%emt 0:01:18]} Qxc4 {[%emt 0:00:09]} 21. Qxc4 {[%emt 0:01:05]} Rxc4 {[%emt 0:00:34]} 22. Bf4 {[%emt 0:00:33]} Rxd4 {[%emt 0:04:43]} 23. Be3 {[%emt 0:00:08]} Rc4 {[%emt 0:01:22]} 24. Rxa7 {[%emt 0:00:17]} Rxa7 {[%emt 0:00:16]} 25. Bxa7 {[%emt 0:00:02]} Rc2 {[%emt 0:01:19]} 26. Rb1 {[%emt 0:02:01]} h6 {[%emt 0:02:55]} 27. Rb8+ {[%emt 0:05:13]} Kh7 {[%emt 0:00:10]} 28. Rd8 {[%emt 0:00:36]} d5 {[%emt 0:01:11]} 29. Bd4 {[%emt 0:01:15]} Kg6 {[%emt 0:01:19]} 30. g4 {[%emt 0:03:23]} Rc4 1/2-1/2

[Event "GER-chT Youth Countries 2018"]
[Site "Wurzburg"]
[Date "2018.10.03"]
[Round "1"]
[White "Werner, Rosalie"]
[Black "Praus, Pia-Rosa"]
[Result "1-0"]
[WhiteElo "1566"]
[BlackElo "1150"]
[Annotator "NA RC"]
[PlyCount "173"]
[EventDate "2018.10.03"]
[EventType "team-tourn"]
[EventCountry "GER"]
[SourceTitle "playchess.com"]
[Source "ChessBase"]
[SourceQuality "1"]
[TimeControl "40/5400+30:1800+30"]

1. e4 {[%emt 0:00:00]} d5 {[%emt 0:00:00]} 2. exd5 {[%emt 0:00:04]} Qxd5 {[%emt 0:00:00]} 3. d4 {[%emt 0:00:05]} Nf6 {[%emt 0:00:54]} 4. Nf3 {[%emt 0:00:50]} Bf5 {[%emt 0:01:20]} 5. Be2 {[%emt 0:02:53]} e6 {[%emt 0:02:04]} 6. Be3 {[%emt 0:04:48]} Nc6 {[%emt 0:05:49]} 7. O-O {[%emt 0:05:54]} Be7 {[%emt 0:07:09]} 8. c4 {[%emt 0:00:43]} Qd8 {[%emt 0:00:53]} 9. Nc3 {[%emt 0:05:53]} O-O {[%emt 0:01:53]} 10. Qd2 {[%emt 0:10:22]} Bb4 {[%emt 0:01:12]} 11. Rad1 {[%emt 0:07:10]} Ne4 {[%emt 0:01:13]} 12. Qc1 {[%emt 0:00:22]} Bxc3 {[%emt 0:02:42]} 13. bxc3 {[%emt 0:00:12]} Qf6 {[%emt 0:02:19]} 14. Nd2 {[%emt 0:09:24]} Nxd2 {[%emt 0:01:27]} 15. Bxd2 {[%emt 0:02:25]} e5 {[%emt 0:04:24]} 16. d5 {[%emt 0:03:57]} Ne7 {[%emt 0:01:19]} 17. Rfe1 {[%emt 0:08:16]} h6 {[%emt 0:04:33]} 18. Bf1 {[%emt 0:03:11]} Ng6 {[%emt 0:01:40]} 19. Be3 {[%emt 0:06:23]} a6 {[%emt 0:04:51]} 20. Qb2 {[%emt 0:02:20]} b6 {[%emt 0:00:41]} 21. c5 {[%emt 0:07:56]} Rfb8 {[%emt 0:00:53]} 22. cxb6 {[%emt 0:01:46]} cxb6 {[%emt 0:00:15]} 23. d6 {[%emt 0:01:47]} Qd8 {[%emt 0:00:46]} 24. Qb3 {[%emt 0:01:45]} Be6 {[%emt 0:00:57]} 25. Bc4 {[%emt 0:01:11]} Bxc4 {[%emt 0:00:17]} 26. Qxc4 {[%emt 0:00:01]} Rc8 {[%emt 0:01:07]} 27. Qb3 {[%emt 0:00:41]} Rcb8 {[%emt 0:00:18]} 28. Re2 {[%emt 0:00:37]} b5 {[%emt 0:01:32]} 29. Red2 {[%emt 0:00:30]} Qd7 {[%emt 0:00:51]} 30. Qd5 {[%emt 0:00:57]} Rd8 {[%emt 0:02:00]} 31. Bb6 {[%emt 0:01:54]} Rdc8 {[%emt 0:00:29]} 32. Bc7 {[%emt 0:01:15]} Ra7 {[%emt 0:02:29]} 33. Qc5 {[%emt 0:01:31]} Raa8 {[%emt 0:00:48]} 34. Qb6 {[%emt 0:03:14]} Nf8 {[%emt 0:00:29]} 35. Qe3 {[%emt 0:01:25]} Ne6 {[%emt 0:00:18]} 36. Qxe5 {[%emt 0:00:11]} Ra7 {[%emt 0:01:06]} 37. Bb6 {[%emt 0:01:30]} Rb7 {[%emt 0:00:30]} 38. Be3 {[%emt 0:00:39]} Rc6 39. Qe4 {[%emt 0:03:45]} Rxc3 {[%emt 0:01:01]} 40. Qb4 {[%emt 0:00:32]} Rc4 {[%emt 0:01:03]} 41. Qb3 {[%emt 0:30:46]} Rc6 {[%emt 0:31:12]} 42. Qa3 {[%emt 0:01:23]} b4 {[%emt 0:00:24]} 43. Qb2 {[%emt 0:00:00]} Rb8 {[%emt 0:00:00]} 44. Rd3 {[%emt 0:00:00]} Rd8 {[%emt 0:00:00]} 45. Qxb4 {[%emt 0:00:00]} Qc8 {[%emt 0:00:00]} 46. d7 {[%emt 0:00:00]} Qc7 {[%emt 0:00:00]} 47. Qe7 {[%emt 0:00:00]} Nf8 {[%emt 0:00:00]} 48. Bf4 {[%emt 0:00:00]} Qb6 {[%emt 0:00:00]} 49. Rb3 {[%emt 0:00:00]} Re6 {[%emt 0:00:00]} 50. Qxf8+ {[%emt 0:00:00]} Kxf8 {[%emt 0:00:00]} 51. Rxb6 {[%emt 0:00:00]} Rxb6 {[%emt 0:00:00]} 52. Bc7 {[%emt 0:00:00]} Rbb8 {[%emt 0:00:00]} 53. Bxb8 {[%emt 0:00:00]} Ke7 {[%emt 0:00:00]} 54. Be5 {[%emt 0:00:00]} f6 {[%emt 0:00:00]} 55. Bc7 {[%emt 0:00:00]} Rxd7 {[%emt 0:00:00]} 56. Rxd7+ {[%emt 0:00:00]} Kxd7 {[%emt 0:00:00]} 57. Bf4 {[%emt 0:00:00]} Ke6 {[%emt 0:00:00]} 58. f3 {[%emt 0:00:00]} Kd5 {[%emt 0:00:00]} 59. Kf2 {[%emt 0:00:00]} Kc4 {[%emt 0:00:00]} 60. a3 {[%emt 0:00:00]} Kd4 {[%emt 0:00:00]} 61. Ke2 {[%emt 0:00:00]} f5 {[%emt 0:00:00]} 62. Bd6 {[%emt 0:00:00]} g6 {[%emt 0:00:00]} 63. Bf8 {[%emt 0:00:00]} h5 {[%emt 0:00:00]} 64. Bg7+ {[%emt 0:00:00]} Kd5 {[%emt 0:00:00]} 65. Ke3 {[%emt 0:00:00]} a5 {[%emt 0:00:00]} 66. Kf4 {[%emt 0:00:00]} Ke6 {[%emt 0:00:00]} 67. Kg5 {[%emt 0:00:00]} Kf7 {[%emt 0:00:00]} 68. Bc3 {[%emt 0:00:00]} a4 {[%emt 0:00:00]} 69. h4 {[%emt 0:00:00]} f4 {[%emt 0:00:00]} 70. Kxf4 {[%emt 0:00:00]} Ke6 {[%emt 0:00:00]} 71. Kg5 {[%emt 0:00:00]} Kf7 {[%emt 0:00:00]} 72. f4 {[%emt 0:00:00]} Kg8 {[%emt 0:00:00]} 73. Kxg6 {[%emt 0:00:00]} Kf8 {[%emt 0:00:00]} 74. Kxh5 {[%emt 0:00:00]} Kg8 {[%emt 0:00:00]} 75. f5 {[%emt 0:00:00]} Kh7 {[%emt 0:00:00]} 76. f6 {[%emt 0:00:00]} Kh8 {[%emt 0:00:00]} 77. Kg6 {[%emt 0:00:00]} Kg8 {[%emt 0:00:00]} 78. f7+ {[%emt 0:00:00]} Kf8 {[%emt 0:00:00]} 79. Bg7+ {[%emt 0:00:00]} Ke7 {[%emt 0:00:00]} 80. f8=Q+ {[%emt 0:00:00]} Ke6 {[%emt 0:00:00]} 81. Qf7+ {[%emt 0:00:00]} Kd6 {[%emt 0:00:00]} 82. Kf5 {[%emt 0:00:00]} Kc6 {[%emt 0:00:00]} 83. Qe7 {[%emt 0:00:00]} Kb6 {[%emt 0:00:00]} 84. Bd4+ {[%emt 0:00:00]} Ka6 {[%emt 0:00:00]} 85. Qa7+ {[%emt 0:00:18]} Kb5 {[%emt 0:00:00]} 86. Qc5+ {[%emt 0:00:09]} Ka6 {[%emt 0:00:00]} 87. Qb6# {[%emt 0:00:06]} 1-0